000
00337nam a22001577a 4500
003
SGT
020
_a
978-93-325-7746-6
082
_a
611
_b
C18K
100
_a
KLUG, WILLIAM S.
245
_a
CONCEPTS OF GENETICS
250
_a
10TH
260
_a
INDIA
_b
PEARSON
_c
2018
300
_a
885
650
_a
HUMAN ANATOMY
942
_2
ddc
_c
BK
_0
1
999
_c
19636
_d
19636